La plástica del renacimiento y del prebarroco en la España septentrional: Aragón, Navarra, las provincias vascas y La Rioja

محفوظ في:
التفاصيل البيبلوغرافية
المؤلف الرئيسي: Weise, Georg (مؤلف)
التنسيق: كتاب
اللغة:الإسبانية
منشور في: Tubinga Hopfer Verlag 1900
الموضوعات:
الوسوم: إضافة وسم
لا توجد وسوم, كن أول من يضع وسما على هذه التسجيلة!

MARC

LEADER 00000nam a2200000 a 4500
001 UCZ1677
003 CL-VaPUC
008 950831e19000000GW |||||||||||||||||spa|d
082 0 4 |a 709.03  |b WEI  |2 21 
100 0 |a Weise, Georg  |e author  |9 345315 
245 1 3 |a La plástica del renacimiento y del prebarroco en la España septentrional: Aragón, Navarra, las provincias vascas y La Rioja 
300 |a 64 p 
942 |c BK 
945 |d 19950831 00:00:00  |a rbrito 
260 |a Tubinga  |b Hopfer Verlag  |c 1900 
650 0 |a Artes plásticas  |9 268637 
650 0 |a Renacimiento  |9 255107 
650 0 |a Barroco   |9 338027 
651 0 |a España  |9 254926 
583 |a last modification  |c 19950831 00:00:00  |k Rodrigo Vera 
999 |c 238390  |d 238388 
952 |0 0  |1 0  |4 0  |6 709_030000000000000_WEI_1900  |7 0  |8 A  |9 248557  |a BIBART  |b BIBART  |d 2019-11-18  |i 3127664  |l 2  |o 709.03 WEI 1900  |p 3127664  |r 2025-03-13  |s 2023-10-16  |w 2019-11-18  |y BK  |k ART